| 000 | 00909cam a2200265 a 4500 | ||
|---|---|---|---|
| 001 | 000020121 | ||
| 005 | 20200929170256.0 | ||
| 008 | 861216s2000 dr 000 f spa d | ||
| 040 |
_aDO-SdBNP _bspa _cBNPHU |
||
| 041 | 1 | 7 |
_aspa _heng |
| 082 |
_a813.52 _bM647t |
||
| 100 | 1 |
_aMiller, Henry, _d1891-1980 _911507 |
|
| 240 | 1 | 0 |
_aTropic of capricorn. _lEspañol |
| 245 | 1 | 0 |
_aTrópico de capricornio / _cHenry Miller ; traducción de Carlos Manzano. |
| 260 |
_aSanto Domingo : _bEl Siglo, _c2000. |
||
| 300 |
_a279 p. ; _c21 cm. |
||
| 490 | 1 |
_aJoyas del milenio _v17 |
|
| 590 | _aInventariado, 2018/ YL | ||
| 534 |
_aTítulo original: Tropic of capricorn _cBarcelona : Bibliotex, 2000. |
||
| 650 | 4 |
_aNovela estadounidense _9262 |
|
| 650 | 4 |
_aLiteratura estadounidense _9263 |
|
| 700 | 1 |
_aManzano, Carlos, _etr. _928137 |
|
| 830 | 4 |
_aJoyas del milenio; _v17 _922251 |
|
| 910 | _aValidado. Control de calidad WM | ||
| 999 |
_c19629 _d19629 |
||